| 000 | 00489nam a2200181Ia 4500 | ||
|---|---|---|---|
| 008 | 210719s2018 xx 000 0 und d | ||
| 020 | _a978-1-138-61562-5 | ||
| 041 | _aeng | ||
| 082 | _a658.404 LOCE | ||
| 100 | _aLOCK (Dennis) | ||
| 245 | _aEssentials of project management Ed 4 | ||
| 260 |
_aLondon _bRoutledge _c2018 |
||
| 300 |
_axi,213 _bPB |
||
| 365 |
_b995 _cRs |
||
| 650 | _aManagement | ||
| 650 | _aProject Management | ||
| 906 | _a4 ; Ed ; Essentials ; management ; project | ||
| 999 |
_c211941 _d211941 |
||